000 00332 a2200145 4500
001 155995
040 _cEscola São Tomás de Aquino
100 _aROCHAMONTE, Catarina.
240 1 0 _aFilosofia e Sociologia
_lpor
245 1 0 _aFilosofia e Sociologia
300 _a196
362 0 _a2017
697 _aGENERALIDADES
942 _cBK
999 _c155995
_d155995